000 00934nam a2200265Ia 4500
003 OSt
005 20220930201343.0
006 a|||||r|||| 00| 0
007 ta
008 220926b |||||||| |||| 00| 0 eng d
024 _a72786
037 _cDissertations
040 _aCRL
_cCRL
_beng
041 _2eng
_aeng
100 _aMansukhani Harish
_9565730
110 _aUniversity of Delhi. Faculty of Medical Sciences. Department of Orthopaedics
_9519703
245 0 _aCritical evaluation of management of galleazz's fracture dislocation with special reference to self compression plating
260 _c1985
300 _a86p.
_ccm.
650 _aORTHOPEDICS
_9519704
700 _a Supervisor : Dr. Arun Goel
_9565731
700 _aUniversity of Delhi. Faculty of Medical Sciences. Department of Orthopaedics
_9519706
942 _cDIS
_2CC
999 _c901792
_d901792